Confidences de gargouille

Gardado en:
Detalles Bibliográficos
Autor Principal: Beck, Béatrix
Formato: Libro
Idioma:Undetermined
Publicado: Bélgica Labor 2002
Materias:
Etiquetas: Engadir etiqueta
Sen Etiquetas, Sexa o primeiro en etiquetar este rexistro!

MARC

LEADER 00000nam a2200000Ia 4500
008 170316s9999 xx 000 0 und d
090 |a 800-S B-1c 
100 |a Beck, Béatrix 
245 |a Confidences de gargouille 
260 |a Bélgica 
260 |b Labor 
260 |c 2002 
300 |a 343 páginas 
650 |a LITERATURA DE SUIZA 
650 |a NARRACIONES 
999 |c 19973  |d 19973 
040 |a cru BVZT 
942 |c 15 D  |h 800-S B-1c  |2 z